LEADER 00806nam a2200229 i 4500 001 000000092824 003 CaOOAMICUS 005 20180830150129.0 008 180830s1971 xx u000 u und u 013 $a65066 020 $a88-425- 040 $aSeMil$bita 100 1 $aTondo, Michele.$0(OLS)http://semarc/name/41141 245 10$aSalvatore Quasimodo. 260 $aMilano :$bMursia,$c1971. 300 $a198 p. 600 14$aQuasimodo, Salvatore <1901-1968>.$0(OLS)http://semarc/subject/15609 850 $aSeMil 852 $aSeMil$W1$xVenegono$y1$m58 23 20 *$j55655$B55655$CSeMilBibl$Z2$F60425 $81 996 $6020$a88-425-$9(OLS)http://semarc/number/73027 996 $6245$aSalvatore Quasimodo$9(OLS)http://semarc/title/138946 996 $6260$aMilano :$bMursia$9(OLS)http://semarc/publisher/30230 LEADER 00509nam a2200157 i 4500 001 000000011067 003 CaOOAMICUS 005 20180830125440.0 008 180830s1912 fr u000 u und u 040 $aSeMil$bita 245 10$aTome troisième. 300 $a2 v. 773 0 $aVigouroux, Fulcran $tDictionnaire de la Bible.$dParis : Letouzey et Ané, 1912-1926.$w()11062 774 0 $tG-I.$gPartie$w()123308 774 0 $tJ-K.$gPartie$w()123309 996 $6245$aTome troisième$9(OLS)http://semarc/title/14441